| 000 | 00380nas a22001457a 4500 | ||
|---|---|---|---|
| 005 | 20231219123022.0 | ||
| 008 | 231219b |||||||| |||| 00| 0 eng d | ||
| 022 | _a09704140 | ||
| 040 | _aYMCAF | ||
| 041 | _aeng | ||
| 245 |
_aJournal of the Indian Institute of Science _bA Multidisciplinary Reviews Journal |
||
| 260 |
_aBerlin _bSpringer |
||
| 650 | _aComputer | ||
| 942 | _cCR | ||
| 999 |
_c19352 _d19352 |
||